000 00249nam a2200097Ia 4500
001 734256
005 20250826163830.0
008 250824s9999 xx 000 0 und d
245 0 _aKUŞ OLSAM EVİME UÇSAM
_cGÜZİN ÖZTÜRK
260 _bTUDEM YAYINLARI
999 _c734256
_d734256